Statistiques concernant Thèmes mêlés #1 - Géographie et Pokémon

Cliquez ici pour prendre le quiz!

Statistiques générales

  • Ce quiz a été pris 426 fois
  • Le résultat moyen est 9 sur 20

Statistiques - réponses

QuestionsRéponses% Correct
Première région Pokémon, apparue dans les opus Rouge/Bleu et JauneKanto
80%
Monument le plus visité de NormandieMont-Saint-Michel
78%
Ex-Président des Etats-Unis d'AmériqueDonald Trump
74%
Supercontinent unique qui se disloqua pour arriver aux continents actuelsPangée
74%
Marsupial arboricole endémique de l'AustralieKoala
72%
Seul type dans Pokémon dont l'orthographe n'est pas valide en françaisElectrik
66%
Pokémon golem qui serait responsable de la dérive des continentsRegigigas
58%
Pokémon rêveur et très paresseux s'inspirant cet animalDodoala
50%
Pays d'Europe centrale où l'Elbe prend sa sourceRépublique Tchèque
44%
Pokémon apparu en septième génération caricaturant ce dirigeantManglouton/Argouste
42%
Champion d'arène rencontré à Hoenn, à Lavandia, utilisant un ElecsprintVoltère
42%
Pays africain produisant le plus d'électricitéAfrique-du-Sud
35%
Ville de Kalos qui abrite une réplique de cette célèbre abbayeY{antreizh}
31%
Langue la moins parlée dans laquelle les jeux Pokémon sont traduitsItalien
29%
Deuxième ville de Suisse par la population, où se réfugia VoltaireGenève
26%
Ile sur laquelle se situe la vraie région nippone du même nomHonshū
21%
Chanson d'un vidéaste tchèque qui fit le buzz en 2016I play Pokemon Go Everyday
20%
Plus petit pays où l'italien est officiel est majoritaie est officiel (unique)Saint-Marin
19%
Train reliant Safrania à Doublonville dans les jeux de 2 et 4GTrain {Magnétique}
14%
Shinkansen Tōkaidō, plus ancienne ligne à grande vitesse, relie Tokyo à...Osaka
6%

Distribution des résultats

Percentile par nombre de réponses

% des personnes avec chaque résultat

Votre développement - résultats

Vous n’avez pas pris ce quiz